Most Commonly Used Words in the English Language - Statistics

General Stats
  • This quiz has been taken 331 times
  • The average score is 9 of 15
Answer Stats
definition/clue RANK ANSWER % Correct
addressing singular self 1 I
98%
what location 4 Where
92%
basic top question 3 What
89%
addressing self 14 Me
84%
addressing other 12 You
83%
going against or disreguarding 6 No
82%
questioning 15 Why
82%
giving approval 11 Yes
80%
scheduling 8 When
75%
directing away 13 Go
56%
objecting 5 But
27%
approving appearance 7 Good
27%
perhaps. . .(setting peramiters) 9 If
23%
questioning the following 2 So
18%
thinking 10 Um. . .
10%
No matching quizzes found
Score Distribution
Percent of People with Each Score
Percentile by Number Answered
Your Score History
You have not taken this quiz